BAFTA Film Award Nominees for Best Director - Statistics

General Stats
  • This quiz has been taken 48 times
    29 since last reset
  • The average score is 167 of 262
Answer Stats
Year Film Director % Correct
2025 One Battle After Another Paul Thomas Anderson
100%
2021 Licorice Pizza Paul Thomas Anderson
100%
2007 There Will Be Blood Paul Thomas Anderson
100%
2014 The Grand Budapest Hotel Wes Anderson
100%
2018 Roma Alfonso Cuarón
94%
2013 Gravity Alfonso Cuarón
94%
2012 Life of Pi Ang Lee
94%
2005 Brokeback Mountain Ang Lee
94%
2000 Crouching Tiger, Hidden Dragon Ang Lee
94%
1995 Sense and Sensibility Ang Lee
94%
2012 Argo Ben Affleck
94%
2023 Oppenheimer Christopher Nolan
94%
2017 Dunkirk Christopher Nolan
94%
2010 Inception Christopher Nolan
94%
1979 Apocalypse Now Francis Ford Coppola
94%
1974 The Conversation Francis Ford Coppola
94%
2017 The Shape of Water Guillermo del Toro
94%
2009 Avatar James Cameron
94%
1997 Titanic James Cameron
94%
1996 Fargo Joel Coen
94%
2007 No Country for Old Men Joel Coen / Ethan Coen
94%
1991 Dances with Wolves Kevin Costner
94%
1968 if.... Lindsay Anderson
94%
2019 The Irishman Martin Scorsese
94%
2013 The Wolf of Wall Street Martin Scorsese
94%
2011 Hugo Martin Scorsese
94%
2006 The Departed Martin Scorsese
94%
2004 The Aviator Martin Scorsese
94%
2002 Gangs of New York Martin Scorsese
94%
1990 Goodfellas Martin Scorsese
94%
1983 The King of Comedy Martin Scorsese
94%
1976 Taxi Driver Martin Scorsese
94%
1975 Alice Doesn't Live Here Anymore Martin Scorsese
94%
1995 Braveheart Mel Gibson
94%
2019 Once Upon a Time in Hollywood Quentin Tarantino
94%
2012 Django Unchained Quentin Tarantino
94%
2009 Inglourious Basterds Quentin Tarantino
94%
1994 Pulp Fiction Quentin Tarantino
94%
2015 The Martian Ridley Scott
94%
2000 Gladiator Ridley Scott
94%
1991 Thelma & Louise Ridley Scott
94%
1994 Forrest Gump Robert Zemeckis
94%
2002 The Pianist Roman Polanski
94%
1974 Chinatown Roman Polanski
94%
2008 Frost/Nixon Ron Howard
94%
2001 A Beautiful Mind Ron Howard
94%
2019 1917 Sam Mendes
94%
1999 American Beauty Sam Mendes
94%
2003 Lost in Translation Sofia Coppola
94%
2018 BlacKkKlansman Spike Lee
94%
2000 Erin Brockovich Steven Soderbergh
94%
2000 Traffic Steven Soderbergh
94%
2015 Bridge of Spies Steven Spielberg
94%
1998 Saving Private Ryan Steven Spielberg
94%
1993 Schindler's List Steven Spielberg
94%
1982 E.T. the Extra-Terrestrial Steven Spielberg
94%
1978 Close Encounters of the Third Kind Steven Spielberg
94%
1975 Jaws Steven Spielberg
94%
2015 The Revenant Alejandro González Iñárritu
89%
2014 Birdman Alejandro González Iñárritu
89%
2006 Babel Alejandro González Iñárritu
89%
2019 Parasite Bong Joon-ho
89%
2023 Maestro Bradley Cooper
89%
2018 A Star Is Born Bradley Cooper
89%
2025 Hamnet Chloé Zhao
89%
2020 Nomadland Chloé Zhao
89%
2008 Changeling Clint Eastwood
89%
1992 Unforgiven Clint Eastwood
89%
2022 Everything Everywhere All at Once Daniel Kwan / Daniel Scheinert
89%
2010 The Social Network David Fincher
89%
2008 The Curious Case of Benjamin Button David Fincher
89%
2021 The Power of the Dog Jane Campion
89%
1993 The Piano Jane Campion
89%
2012 Zero Dark Thirty Kathryn Bigelow
89%
2009 The Hurt Locker Kathryn Bigelow
89%
2003 The Lord of the Rings: The Return of the King Peter Jackson
89%
2002 The Lord of the Rings: The Two Towers Peter Jackson
89%
2001 The Lord of the Rings: The Fellowship of the Ring Peter Jackson
89%
1975 Barry Lyndon Stanley Kubrick
89%
1972 A Clockwork Orange Stanley Kubrick
89%
1990 Crimes and Misdemeanors Woody Allen
89%
1986 Hannah and Her Sisters Woody Allen
89%
1979 Manhattan Woody Allen
89%
1977 Annie Hall Woody Allen
89%
2001 Moulin Rouge! Baz Luhrmann
83%
1997 Romeo + Juliet Baz Luhrmann
83%
2016 La La Land Damien Chazelle
83%
2014 Whiplash Damien Chazelle
83%
2010 127 Hours Danny Boyle
83%
2008 Slumdog Millionaire Danny Boyle
83%
1980 The Elephant Man David Lynch
83%
1976 One Flew Over the Cuckoo's Nest Miloš Forman
83%
1971 Taking Off Miloš Forman
83%
1999 The Sixth Sense M. Night Shyamalan
83%
1987 Platoon Oliver Stone
83%
2014 Boyhood Richard Linklater
83%
2001 Gosford Park Robert Altman
83%
1992 The Player Robert Altman
83%
1978 A Wedding Robert Altman
83%
1970 M*A*S*H Robert Altman
83%
1977 Network Sidney Lumet
83%
1975 Dog Day Afternoon Sidney Lumet
83%
1974 Murder on the Orient Express Sidney Lumet
83%
2013 12 Years a Slave Steve McQueen
83%
2019 Joker Todd Phillips
83%
2010 Black Swan Darren Aronofsky
78%
2024 Dune: Part Two Denis Villeneuve
78%
2017 Blade Runner 2049 Denis Villeneuve
78%
2016 Arrival Denis Villeneuve
78%
1977 Rocky John G. Avildsen
78%
1991 The Silence of the Lambs Jonathan Demme
78%
1989 Henry V Kenneth Branagh
78%
1979 The Deer Hunter Michael Cimino
78%
2003 Master and Commander: The Far Side of the World Peter Weir
78%
1998 The Truman Show Peter Weir
78%
1989 Dead Poets Society Peter Weir
78%
2024 Anora Sean Baker
78%
1972 The French Connection William Friedkin
78%
2025 Bugonia Yorgos Lanthimos
78%
2018 The Favourite Yorgos Lanthimos
78%
1988 The Last Emperor Bernardo Bertolucci
72%
1972 Cabaret Bob Fosse
72%
2013 American Hustle David O. Russell
72%
2014 The Theory of Everything James Marsh
72%
2025 Marty Supreme Josh Safdie
72%
1969 Women in Love Ken Russell
72%
2022 The Banshees of Inisherin Martin McDonagh
72%
2017 Three Billboards Outside Ebbing, Missouri Martin McDonagh
72%
1968 The Graduate Mike Nichols
72%
1972 The Last Picture Show Peter Bogdanovich
72%
1993 Shadowlands Richard Attenborough
72%
1987 Cry Freedom Richard Attenborough
72%
1982 Gandhi Richard Attenborough
72%
1977 A Bridge Too Far Richard Attenborough
72%
1969 Oh! What a Lovely War Richard Attenborough
72%
2025 Sinners Ryan Coogler
72%
2003 Big Fish Tim Burton
72%
2015 The Big Short Adam McKay
67%
2003 Cold Mountain Anthony Minghella
67%
1999 The Talented Mr. Ripley Anthony Minghella
67%
1996 The English Patient Anthony Minghella
67%
2005 Good Night, and Good Luck George Clooney
67%
2002 Chicago Rob Marshall
67%
1984 Once Upon a Time in America Sergio Leone
67%
2022 Decision to Leave Park Chan-wook
61%
2013 Captain Phillips Paul Greengrass
61%
2007 The Bourne Ultimatum Paul Greengrass
61%
2006 United 93 Paul Greengrass
61%
2010 The King's Speech Tom Hooper
61%
1970 Butch Cassidy and the Sundance Kid George Roy Hill
56%
1993 The Remains of the Day James Ivory
56%
1992 Howards End James Ivory
56%
1986 A Room with a View James Ivory
56%
1983 Heat and Dust James Ivory
56%
2025 Sentimental Value Joachim Trier
56%
2023 The Zone of Interest Jonathan Glazer
56%
2004 Vera Drake Mike Leigh
56%
1996 Secrets & Lies Mike Leigh
56%
1983 Tootsie Sydney Pollack
56%
1984 Paris, Texas Wim Wenders
56%
1991 The Commitments Alan Parker
50%
1989 Mississippi Burning Alan Parker
50%
1980 Fame Alan Parker
50%
1978 Midnight Express Alan Parker
50%
1976 Bugsy Malone Alan Parker
50%
2023 The Holdovers Alexander Payne
50%
1968 Oliver! Carol Reed
50%
1970 Ryan's Daughter David Lean
50%
1979 Yanks John Schlesinger
50%
1971 Sunday Bloody Sunday John Schlesinger
50%
1969 Midnight Cowboy John Schlesinger
50%
2012 Amour Michael Haneke
50%
2004 Collateral Michael Mann
50%
2011 The Artist Michel Hazanavicius
50%
2011 Drive Nicolas Winding Refn
50%
2005 Crash Paul Haggis
50%
1999 All About My Mother Pedro Almodóvar
50%
1980 Kagemusha Akira Kurosawa
44%
1976 All the President's Men Alan J. Pakula
44%
2024 The Brutalist Brady Corbet
44%
2024 The Substance Coralie Fargeat
44%
1973 Day for Night François Truffaut
44%
2007 Atonement Joe Wright
44%
1998 Shakespeare in Love John Madden
44%
2023 Anatomy of a Fall Justine Triet
44%
2016 I, Daniel Blake Ken Loach
44%
1970 Kes Ken Loach
44%
2016 Manchester by the Sea Kenneth Lonergan
44%
1994 Three Colours: Red Krzysztof Kieślowski
44%
2017 Call Me by Your Name Luca Guadagnino
44%
2004 Eternal Sunshine of the Spotless Mind Michel Gondry
44%
1999 The End of the Affair Neil Jordan
44%
1992 The Crying Game Neil Jordan
44%
1986 Mona Lisa Neil Jordan
44%
1980 Kramer vs. Kramer Robert Benton
44%
2008 The Reader Stephen Daldry
44%
2002 The Hours Stephen Daldry
44%
2000 Billy Elliot Stephen Daldry
44%
2020 Another Round Thomas Vinterberg
44%
2022 Tár Todd Field
44%
2016 Nocturnal Animals Tom Ford
44%
1988 A Fish Called Wanda Charles Crichton
39%
2024 Conclave Edward Berger
39%
2022 All Quiet on the Western Front Edward Berger
39%
2024 Emilia Pérez Jacques Audiard
39%
1987 Hope and Glory John Boorman
39%
1988 Au revoir les enfants Louis Malle
39%
1981 Atlantic City Louis Malle
39%
1974 Lacombe Lucien Louis Malle
39%
2011 We Need to Talk About Kevin Lynne Ramsay
39%
2009 District 9 Neill Blomkamp
39%
2021 Drive My Car Ryusuke Hamaguchi
39%
2006 The Queen Stephen Frears
39%
1989 Dangerous Liaisons Stephen Frears
39%
1990 Driving Miss Daisy Bruce Beresford
33%
1997 L.A. Confidential Curtis Hanson
33%
1978 Julia Fred Zinnemann
33%
1973 The Day of the Jackal Fred Zinnemann
33%
1981 Chariots of Fire Hugh Hudson
33%
2004 Finding Neverland Marc Forster
33%
1986 The Mission Roland Joffé
33%
1984 The Killing Fields Roland Joffé
33%
2005 Capote Bennett Miller
28%
1982 Missing Costa-Gavras
28%
2005 The Constant Gardener Fernando Meirelles
28%
1968 Romeo and Juliet Franco Zeffirelli
28%
2020 Minari Lee Isaac Chung
28%
1973 The Discreet Charm of the Bourgeoisie Luis Buñuel
28%
1994 Four Weddings and a Funeral Mike Newell
28%
1973 Don't Look Now Nicolas Roeg
28%
2018 Cold War Paweł Pawlikowski
28%
1984 The Dresser Peter Yates
28%
1969 Bullitt Peter Yates
28%
1996 Shine Scott Hicks
28%
2015 Carol Todd Haynes
28%
2011 Tinker Tailor Soldier Spy Tomas Alfredson
28%
2007 The Lives of Others Florian Henckel von Donnersmarck
22%
1990 Cinema Paradiso Giuseppe Tornatore
22%
2001 Amélie Jean-Pierre Jeunet
22%
2021 Titane Julia Ducournau
22%
2023 All of Us Strangers Andrew Haigh
17%
2022 The Woman King Gina Prince-Bythewood
17%
2006 Little Miss Sunshine Jonathan Dayton / Valerie Faris
17%
2009 An Education Lone Scherfig
17%
1982 On Golden Pond Mark Rydell
17%
1995 Il Postino: The Postman Michael Radford
17%
1995 The Madness of King George Nicholas Hytner
17%
1997 The Full Monty Peter Cattaneo
17%
1998 Elizabeth Shekhar Kapur
17%
1983 Local Hero Bill Forsyth
11%
1981 Gregory's Girl Bill Forsyth
11%
1971 The Go-Between Joseph Losey
11%
1971 Death in Venice Luchino Visconti
11%
2021 After Love Aleem Khan
6%
2021 Happening Audrey Diwan
6%
1987 Jean de Florette Claude Berri
6%
1988 Babette's Feast Gabriel Axel
6%
2020 Quo Vadis, Aida? Jasmila Žbanić
6%
1981 The French Lieutenant's Woman Karel Reisz
6%
2020 Rocks Sarah Gavron
6%
2020 Babyteeth Shannon Murphy
6%
1974 Serpico Sidney Lumet
0%
No matching quizzes found
Score Distribution
Percent of People with Each Score
Percentile by Number Answered
Your Score History
You have not taken this quiz since the last reset